| 000 | 00340nam a22001457a 4500 | ||
|---|---|---|---|
| 999 |
_c7980 _d7980 |
||
| 003 | OSt | ||
| 005 | 20200612134734.0 | ||
| 008 | 200612b ||||| |||| 00| 0 eng d | ||
| 020 | _a9783791334882 | ||
| 082 |
_a720.92 _bGOL |
||
| 100 | _aGoldberger, Paul | ||
| 245 | _aBuilding with history | ||
| 260 |
_aNew York _bprestel _c2014 |
||
| 942 | _2ddc | ||